[Event "Terrassa op-B"]
[Site "Terrassa"]
[Date "1996.??.??"]
[Round "8"]
[White "Munne Duran, Jordi"]
[Black "Martinez Llobet, Joan"]
[Result "1-0"]
[WhiteElo "1795"]
[BlackElo "1850"]
[PlyCount "55"]
[EventDate "1996.07.??"]
[EventType "swiss"]
[EventRounds "9"]
[EventCountry "ESP"]
[SourceTitle "EXT 2002"]
[Source "ChessBase"]
[SourceDate "2001.11.25"]
[SourceVersion "1"]
[SourceVersionDate "2001.11.25"]
[SourceQuality "1"]

1. e4 e5 2. Nf3 Nf6 3. Nc3 Nc6 4. Bc4 Bc5 5. d3 d6 6. h3 Be6 7. Bg5 Qd7 8. Bxe6 fxe6 9. Be3 Bb6 10. Qe2 d5 11. exd5 Bxe3 12. dxc6 Bxf2+ 13. Qxf2 Qxc6 14. Nxe5 Qd6 15. Qe3 Qb4 16. 0-0-0 0-0-0 17. Nf7 Nd5 18. Nxd5 exd5 19. Nxh8 Rxh8 20. Rhf1 d4 21. Qe6+ Kb8 22. Qd7 a5 23. Rf7 c6 24. Qc7+ Ka8 25. Rdf1 Re8 26. Rd1 Re1 27. Qc8+ Ka7 28. Rxb7+ 1-0